000 00852cab a22002175a 4500
001 L154222
008 111103e20111029xxk 000 0 eng d
035 _a(Sirsi) u154222
041 0 _aeng
110 2 _aCooper, Andrew
245 0 0 _aWhat's the deal?
260 _c2011
490 _aEstates Gazette
_v(1143) 29 October 2011, 69-77(8)
520 _aIncludes information about the Green Deal and whether it is part of an approach that will lead to long term energy saving. Also features discussion about sustainable buildings and why it would be better to tax them at a lower rate and what the National Planning Policy Framework means for sustainable development.
590 _aKA
651 4 _aUnited Kingdom
690 _aBUILT ENVIRONMENT-SUSTAINABLE CONSTRUCTION
700 1 _aBraithwaite, P.
700 1 _aBartlett, David
942 _n0
999 _c83540
_d83540